| 000 | 00613nam a2200205Ia 4500 | ||
|---|---|---|---|
| 001 | 18541 | ||
| 003 | GE_BSU | ||
| 008 | 181216s||||||||xx |||||||||||||| ||und|| | ||
| 020 | _a9789941002304 | ||
| 040 | _cGE_BSU | ||
| 080 | _a002.915(075.8)+336.131(075.8) | ||
| 100 | _aთეთრუაშვილი,მაია | ||
| 245 | _aფინანსური მენეჯმენტი | ||
| 260 | _aგორი | ||
| 260 | _c2007 | ||
| 300 | _a142გვ.ცხრ.21სმ. | ||
| 653 | _aფინანსური მენეჯმენტი | ||
| 653 | _aქსეროქსი | ||
| 942 | _cBK | ||
| 999 |
_c51550 _d51550 |
||